Satellite communication engineering (Record no. 181170)

000 -LEADER
fixed length control field 00384nam a2200133Ia 4500
008 - FIXED-LENGTH DATA ELEMENTS--GENERAL INFORMATION
fixed length control field 220217s9999||||xx |||||||||||||| ||und||
020 ## - INTERNATIONAL STANDARD BOOK NUMBER
International Standard Book Number 08-2470-777-X
082 ## - DEWEY DECIMAL CLASSIFICATION NUMBER
Classification number 621.382 5 KOL
100 ## - MAIN ENTRY--PERSONAL NAME
Personal name Kolawole, Michel, O
9 (RLIN) 7562
245 #0 - TITLE STATEMENT
Title Satellite communication engineering
260 ## - PUBLICATION, DISTRIBUTION, ETC.
Place of publication, distribution, etc. Marcel Dekker
Date of publication, distribution, etc. 2009
300 ## - PHYSICAL DESCRIPTION
Extent XIII,263p.;28cm
Other physical details 395
650 ## - SUBJECT ADDED ENTRY--TOPICAL TERM
Topical term or geographic name entry element SATELLITE COMMUNICATION
Holdings
Withdrawn status Lost status Damaged status Not for loan Collection code Home library Current library Date acquired Full call number Barcode Date last seen Price effective from Koha item type
        Electronics and Communication Engineering Central Library Central Library 02/18/2022 621.382 5 KOL 16359 02/18/2022 02/18/2022 Books

Powered by Koha